000 00619nam a22002417a 4500
003 UA-OsUOA
001 65578
007 ta
008 20091130b un ||||| |||| 00| 0 ukr d
100 _aКравчук І.
090 _a821.161.2
_bК78
942 _cBK
040 _aUA-OsUOA
_bukr
_cUA-OsUOA
_dUA-OsUOA
245 _aМоє крайнебо
300 _a64 с.
955 _a2
041 _aukr
080 _a821.161.2
020 _a966-517-158-6
260 _aЛуцьк
_bНадстир'я
_c1999
650 7 _a82 Література. Літературознавство
_2UDC
999 _c351599
_d351599